Espacios húmedos : para la vida anfibia
Guardado en:
| Formato: | Libro |
|---|---|
| Publicado: |
Madrid :
Rueda,
2004
|
| Materias: | |
| Etiquetas: |
Agregar Etiqueta
Sin Etiquetas, Sea el primero en etiquetar este registro!
|
| LEADER | 00690nam a22002055a 4500 | ||
|---|---|---|---|
| 001 | CEM.cems017991 | ||
| 005 | 20130416110826.0 | ||
| 008 | 130507s2004##################000#0#####d | ||
| 003 | CEMS | ||
| 020 | |a 8484472590 | ||
| 082 | 0 | 4 | |a 591.71693 |
| 245 | 0 | 0 | |a Espacios húmedos : |b para la vida anfibia |
| 260 | |a Madrid : |b Rueda, |c 2004 | ||
| 300 | |a 191 p. | ||
| 505 | 0 | |a Habitantes de las orillas, de ranas a hipopótamos -- Pobladores de las aguas, de peces a delfines -- Marismas y manglares, reunión de faunas distintas | |
| 653 | |a Animales | ||
| 653 | |a Fauna acuática | ||
| 653 | |a Ríos-fauna | ||
| 653 | |a Fauna-hábitat | ||
| 859 | |a CEMS |b BIB. CEMS - Agricultura |h 591.71693 |i An546 |p A1823.13 |t Ej.1 | ||
